La orestiada; prometo encadenado /
Guardado en:
| Autor Principal: | |
|---|---|
| Formato: | Libro |
| Publicado: |
México :
Espasa Calpe,
1947
|
| Edición: | 4a. ed. |
| Series: | Colección Austral
|
| Materias: | |
| Etiquetas: |
Agregar Etiqueta
Sin Etiquetas, Sea el primero en etiquetar este registro!
|
| LEADER | 00554nam a22002055a 4500 | ||
|---|---|---|---|
| 001 | CEM.cems002329 | ||
| 005 | 20060216000000.0 | ||
| 008 | 130507s1947##################000#0#####d | ||
| 003 | CEMS | ||
| 082 | 0 | 4 | |a 882 |
| 100 | 1 | |a Esquilo | |
| 245 | 1 | 0 | |a La orestiada; prometo encadenado / |c Esquilo |
| 250 | |a 4a. ed. | ||
| 260 | |a México : |b Espasa Calpe, |c 1947 | ||
| 300 | |a 200 p. | ||
| 490 | 0 | |a Colección Austral | |
| 653 | |a Literatura | ||
| 653 | |a Literatura griega | ||
| 653 | |a Tragedia griega | ||
| 859 | |a CEMS |b BIB. CEMS - 11 de abril |h 882 |i Es68-1a4 |p 6234.77 |t Ej.1 | ||
